Rizal and the development of national consciousness : (Record no. 293648)
[ view plain ]
| 000 -LEADER | |
|---|---|
| fixed length control field | 00821nam a2200253Ia 4500 |
| 008 - FIXED-LENGTH DATA ELEMENTS--GENERAL INFORMATION | |
| fixed length control field | 160418s9999 xx 000 0 und d |
| 020 ## - INTERNATIONAL STANDARD BOOK NUMBER | |
| International Standard Book Number | 978-971-574-103-3 |
| 050 ## - LIBRARY OF CONGRESS CALL NUMBER | |
| Classification number | FIL DS 675.8 |
| 050 ## - LIBRARY OF CONGRESS CALL NUMBER | |
| Item number | .R5R66 2006 |
| 100 ## - MAIN ENTRY--PERSONAL NAME | |
| Personal name | Romero, Ma. Coronas S. |
| 245 ## - TITLE STATEMENT | |
| Title | Rizal and the development of national consciousness : |
| 245 ## - TITLE STATEMENT | |
| Remainder of title | a textbook for the course on Rizal's life, works, and writings |
| 245 ## - TITLE STATEMENT | |
| Statement of responsibility, etc | Ma. Corona S. Romero, Julita R. Sta Romana, Lourdes Y. Santos |
| 250 ## - EDITION STATEMENT | |
| Edition statement | 2nd Edition |
| 260 ## - PUBLICATION, DISTRIBUTION, ETC. (IMPRINT) | |
| Place of publication, distribution, etc | Quezon City: |
| 260 ## - PUBLICATION, DISTRIBUTION, ETC. (IMPRINT) | |
| Name of publisher, distributor, etc | Katha Pub. Co., Inc., |
| 260 ## - PUBLICATION, DISTRIBUTION, ETC. (IMPRINT) | |
| Date of publication, distribution, etc | 2006 |
| 300 ## - PHYSICAL DESCRIPTION | |
| Extent | 180 pages : |
| 300 ## - PHYSICAL DESCRIPTION | |
| Other physical details | illustrations ; |
| 300 ## - PHYSICAL DESCRIPTION | |
| Dimensions | 25 cm. |
| 500 ## - GENERAL NOTE | |
| General note | Includes bibliographical references and index. |
| 650 ## - SUBJECT ADDED ENTRY--TOPICAL TERM | |
| Topical term or geographic name as entry element | Rizal, Jose, 1861-1896. |
| 650 ## - SUBJECT ADDED ENTRY--TOPICAL TERM | |
| General subdivision | Heroes -- Philippines -- Biography. |
| Withdrawn status | Lost status | Damaged status | Home library | Current library | Shelving location | Date acquired | Cost, normal purchase price | Total Checkouts | Full call number | Barcode | Date last seen | Price effective from | Koha item type |
|---|---|---|---|---|---|---|---|---|---|---|---|---|---|
| South Mansfield College | South Mansfield College | Filipiniana Section | 09/19/2006 | 165.00 | FIL DS 675.8 .R5R66 2006 | SMC03361 | 04/18/2016 | 04/18/2016 |